00330nam a2200109 4500082001200000100002500012245009400037260003300131300001000164650002400174700002200198 aI51 N12 aNadar, Jagdish Singh a101 Great lives who shaped the world cedited by Jagdish Singh Nadar and B. Adyanand Nath aNew DelhibRobin Booksc2010 a361p. aGreat personalities aNath, B. Adyanand